|
|
|
|
| LEADER |
00000ngm a22000007i 4500 |
| 001 |
IT\ICCU\MOD\0734635 |
| 003 |
ItRI |
| 005 |
20260124182910.0 |
| 008 |
020626s2002 it |||||||||||||||k|||||c |
| 028 |
4 |
2 |
|a CB73108
|
| 040 |
|
|
|b ita
|
| 041 |
|
7 |
|a ita
|2 ISO-639-2
|
| 130 |
0 |
|
|a Girl, interrupted
|3 IT\ICCU\LO1\0334280
|9 Kaysen, Susanna
|
| 245 |
0 |
0 |
|a Ragazze interrotte /
|c a film by James Mangold ; sceenplay by James Mangold ... [et al.] ; music by Michael Danna ; based on the book by Susanna Kaysen. - [Italia] : Columbia Tristar Home video, c2002. - 1 videocassetta (VHS) (ca 123 min.) ; color., son (dolby surround). - (Descr. basata sul contenitore. - Interpreti : Wynona Ryder, Angelina Jolie. - Ripr. del film USA 1999.
|
| 700 |
1 |
|
|a Ryder, Winona
|0 IT\ICCU\RAVV\088870
|
| 700 |
1 |
|
|a Mangold, James
|0 IT\ICCU\REAV\096437
|
| 700 |
1 |
|
|a Danna, Mychael
|0 IT\ICCU\UBOV\486861
|
| 700 |
1 |
|
|a Jolie, Angelina
|0 IT\ICCU\UBOV\552368
|
| 942 |
|
|
|2 ddc
|c VM
|n 0
|
| 952 |
|
|
|0 0
|1 0
|4 0
|6 VO_815_000000000000000
|7 0
|9 27752
|a BO
|b BO
|d 2026-01-24
|i 7722
|l 0
|o VO 815
|p BO7722
|r 2026-01-24 18:29:10
|w 2026-01-24
|x [Sebina 5] [1 v.]
|y VM
|z 1 v.
|
| 999 |
|
|
|c 23523
|d 23523
|